Recursos naturales e infraestructura (Registro nro. 8537)

Detalles MARC
000 -LEADER
fixed length control field 00957nas a2200265 454500
001 - CONTROL NUMBER
control field 20247
005 - DATE AND TIME OF LATEST TRANSACTION
control field 20260407193506.0
008 - FIXED-LENGTH DATA ELEMENTS--GENERAL INFORMATION
fixed length control field 260407s2000####ag###########|||spa#d
003 - CONTROL NUMBER IDENTIFIER
control field AR-UNSa-BCEJYS
040 ## - CATALOGING SOURCE
Original cataloging agency AR-UNSa-BCEJYS
Language of cataloging spa
Transcribing agency AR-UNSa-BCEJYS
080 ## - UNIVERSAL DECIMAL CLASSIFICATION NUMBER
Universal Decimal Classification number 504.06
Common auxiliary subdivision Protección del medio ambiente. Gestión de la calidad del medio ambiente
022 ## - INTERNATIONAL STANDARD SERIAL NUMBER
International Standard Serial Number 1680-9017
100 1# - MAIN ENTRY--PERSONAL NAME
Personal name Naciones Unidas. Comisión Económica para América Latina y el Caribe (CEPAL)
245 10 - TITLE STATEMENT
Title Recursos naturales e infraestructura
264 #1 - PRODUCTION, PUBLICATION, DISTRIBUTION, MANUFACTURE, AND COPYRIGHT NOTICE
Date of production, publication, distribution, manufacture, or copyright notice 2000
310 ## - CURRENT PUBLICATION FREQUENCY
Current publication frequency Frecuencia: Irregular
590 ## - LOCAL NOTE (RLIN)
Local note niveau_biblio:s niveau_hierar:1
650 ## - SUBJECT ADDED ENTRY--TOPICAL TERM
Topical term or geographic name entry element Recursos naturales
650 ## - SUBJECT ADDED ENTRY--TOPICAL TERM
Topical term or geographic name entry element Minería
650 ## - SUBJECT ADDED ENTRY--TOPICAL TERM
Topical term or geographic name entry element Política económica
650 ## - SUBJECT ADDED ENTRY--TOPICAL TERM
Topical term or geographic name entry element Escasez de energía
650 ## - SUBJECT ADDED ENTRY--TOPICAL TERM
Topical term or geographic name entry element SERVICIOS PUBLICOS
856 41 - ELECTRONIC LOCATION AND ACCESS
Uniform Resource Identifier <a href="https://biblioeco.unsa.edu.ar/pmb/images/revistas/Situaci?n y perspectivas de la miner?a met?lica en Argentina.jpg">https://biblioeco.unsa.edu.ar/pmb/images/revistas/Situaci?n y perspectivas de la miner?a met?lica en Argentina.jpg</a>
Link text Imagen de portada
Electronic format type image/jpeg
942 ## - ADDED ENTRY ELEMENTS (KOHA)
Koha item type
Existencias
Withdrawn status Lost status Damaged status Not for loan Home library Current library Shelving location Date acquired Serial enumeration / chronology Total checkouts Full call number Barcode Date last seen Price effective from Koha item type
        Biblioteca Prof. Eusebio Cleto del Rey Biblioteca Prof. Eusebio Cleto del Rey   01/05/2005 Nº 81 - mayo 2005   H504.06 REC 91 R01112 10/04/2026 10/04/2026 Numero
        Biblioteca Prof. Eusebio Cleto del Rey Biblioteca Prof. Eusebio Cleto del Rey   01/03/2005 Nº 88 - mar. 2005   H504.06 REC 88 R01113 10/04/2026 10/04/2026 Numero
        Biblioteca Prof. Eusebio Cleto del Rey Biblioteca Prof. Eusebio Cleto del Rey   01/10/2000 Nº 13 - oct. 2000   H504.06 REC 13 R00019 10/04/2026 10/04/2026 Numero